[Event "20ème Open international de La Réunion"]
[Site "Salle des fêtes de Bellepierre"]
[Date "2018.10.16"]
[Round "4.3"]
[White "Lorans, Sylvain"]
[Black "Anilkumar, N R."]
[Result "0-1"]
[WhiteElo "2177"]
[BlackElo "2334"]
[PlyCount "66"]
[EventDate "2018.??.??"]

1. d4 d5 2. Bf4 e6 3. e3 Bd6 4. Bg3 Ne7 5. Bd3 Nf5 6. Nf3 c5 7. c3 Nxg3 8. hxg3
Qb6 9. Qc2 h6 10. g4 Nc6 11. g5 Bd7 12. gxh6 Rxh6 13. Rxh6 gxh6 14. Nbd2 O-O-O
15. O-O-O Kb8 16. Rh1 Bf8 17. Kb1 Rc8 18. Be2 cxd4 19. exd4 Qc7 20. Qh7 Qf4 21.
Bd3 Qf6 22. Bc2 a6 23. Nf1 e5 24. dxe5 Nxe5 25. Nxe5 Qxe5 26. Ne3 Be6 27. Rd1
Bc5 28. Qd3 Rd8 29. Bb3 Ka7 30. Ka1 Qf4 31. Qe2 Qe5 32. Qd3 Qf6 33. Bxd5 Qxf2
0-1

[Event "20ème Open international de La Réunion"]
[Site "Salle des fêtes de Bellepierre"]
[Date "2018.10.16"]
[Round "4.4"]
[White "Testud, Philippe"]
[Black "Klein, Gernot"]
[Result "1-0"]
[WhiteElo "2158"]
[BlackElo "1904"]
[PlyCount "75"]
[EventDate "2018.??.??"]

1. d4 d5 2. Bf4 c6 3. e3 e6 4. c4 Bd6 5. Bg3 f5 6. Nf3 Nf6 7. Nbd2 O-O 8. Be2
b6 9. O-O Bxg3 10. hxg3 Nbd7 11. cxd5 cxd5 12. Ne5 Nxe5 13. dxe5 Ne4 14. Re1
Bb7 15. Nf1 Qd7 16. f3 Ng5 17. Nd2 Rac8 18. Nb3 Rc7 19. Nd4 Rfc8 20. Bd3 Nf7
21. f4 a6 22. a4 g5 23. Qb3 gxf4 24. gxf4 Nd8 25. Qxb6 Qg7 26. Kf2 Qe7 27. Rh1
Nc6 28. g4 Nxd4 29. exd4 Rc6 30. Qb3 Rc4 31. gxf5 Rxd4 32. Rag1+ Kf8 33. Rh6
Rxf4+ 34. Ke2 exf5 35. Rf6+ Ke8 36. Rg8+ Kd7 37. Qxb7+ Rc7 38. Qxd5+ 1-0

[Event "20ème Open international de La Réunion"]
[Site "Salle des fêtes de Bellepierre"]
[Date "2018.10.16"]
[Round "4.5"]
[White "Denoyelle, Arnaud"]
[Black "Mezouaghi, Miloud"]
[Result "1-0"]
[WhiteElo "2229"]
[BlackElo "2022"]
[PlyCount "73"]
[EventDate "2018.??.??"]

1. d4 c5 2. c3 cxd4 3. cxd4 Nf6 4. Nc3 d5 5. Bg5 e6 6. e3 Nc6 7. Bd3 Be7 8. f4
h6 9. Bxf6 Bxf6 10. Nf3 Bd7 11. O-O a6 12. a3 Rc8 13. Kh1 g6 14. Ne5 Nxe5 15.
fxe5 Bg5 16. Rf3 O-O 17. Qc2 Kg7 18. Raf1 Bb5 19. Bxb5 axb5 20. Qb3 Be7 21.
Nxb5 Qb6 22. h4 f5 23. exf6+ Rxf6 24. Rxf6 Bxf6 25. h5 gxh5 26. a4 Qd8 27. Qd1
Kg6 28. Qd3+ Kg7 29. Qe2 Kg6 30. e4 Bg5 31. e5 Qe7 32. Nd6 Rf8 33. a5 Rxf1+ 34.
Qxf1 Kg7 35. Qf3 Kg6 36. b4 Qc7 37. Qd3+ 1-0

[Event "20ème Open international de La Réunion"]
[Site "Salle des fêtes de Bellepierre"]
[Date "2018.10.16"]
[Round "4.6"]
[White "Quere, Alexandre"]
[Black "Bah, Ismael"]
[Result "1-0"]
[WhiteElo "2087"]
[BlackElo "1687"]
[PlyCount "49"]
[EventDate "2018.??.??"]

1. d4 d5 2. Nf3 Nf6 3. Bf4 e6 4. e3 Bd6 5. Bg3 O-O 6. Nbd2 c6 7. Bd3 Qc7 8. Ne5
Nbd7 9. f4 c5 10. c3 b6 11. O-O Bb7 12. Qf3 Rac8 13. Bh4 a6 14. g4 Kh8 15. g5
Ng8 16. Qh3 g6 17. Rf3 Kg7 18. Qg4 h5 19. gxh6+ Nxh6 20. Qg5 Bxe5 21. fxe5 Rh8
22. Bxg6 Qd8 23. Qg3 f6 24. exf6+ Kf8 25. Qd6+ 1-0

[Event "20ème Open international de La Réunion"]
[Site "Salle des fêtes de Bellepierre"]
[Date "2018.10.16"]
[Round "4.7"]
[White "Roblet, Charles"]
[Black "Etheve, Lionel"]
[Result "1-0"]
[WhiteElo "2052"]
[BlackElo "1682"]
[PlyCount "71"]
[EventDate "2018.??.??"]

1. e4 e6 2. d4 d5 3. e5 c5 4. c3 Nc6 5. Nf3 Qc7 6. Be2 Nge7 7. O-O Ng6 8. Bg5
Be7 9. Bxe7 Qxe7 10. Qd2 a6 11. Na3 Bd7 12. Nc2 O-O 13. Bd3 c4 14. Bxg6 hxg6
15. Rae1 b5 16. Ng5 Rfb8 17. Qf4 Kf8 18. Ne3 Nd8 19. Ng4 Ke8 20. Re3 Bc6 21.
Rfe1 Ra7 22. Rh3 Kd7 23. Rh8 Kc7 24. Rg8 Kb6 25. Rxg7 a5 26. Nh6 Be8 27. h4 b4
28. g4 a4 29. h5 Qf8 30. Qf6 gxh5 31. gxh5 a3 32. bxa3 bxc3 33. Rb1+ Kc7 34.
Rxb8 Kxb8 35. Qxd8+ Kb7 36. Rxf7+ 1-0

[Event "20ème Open international de La Réunion"]
[Site "Salle des fêtes de Bellepierre"]
[Date "2018.10.14"]
[Round "4.8"]
[White "Triton, Maxime"]
[Black "Duprey, Francois-Xavier"]
[Result "1/2-1/2"]
[WhiteElo "1941"]
[BlackElo "1589"]
[PlyCount "76"]
[EventDate "2018.??.??"]

1. e4 c5 2. Nc3 Nc6 3. g3 g6 4. Bg2 Bg7 5. Nge2 e6 6. d3 Nge7 7. Be3 Nd4 8. O-O
O-O 9. a3 Rb8 10. Rb1 d6 11. f4 f5 12. Qd2 a6 13. b4 Bd7 14. Nd1 Ba4 15. c3
Nxe2+ 16. Qxe2 cxb4 17. axb4 Rc8 18. c4 fxe4 19. Bxe4 Bc6 20. Bf2 d5 21. Bg2
dxc4 22. Qxe6+ Kh8 23. dxc4 Re8 24. Bxc6 Rxc6 25. Qe4 Nf5 26. Qd5 Qc8 27. Nb2
Ne3 28. Bxe3 Rxe3 29. c5 Rc7 30. Nc4 Re2 31. Qf3 Bd4+ 32. Kh1 Rce7 33. Ne5 Re3
34. Qf2 Qf5 35. Rbd1 Qe4+ 36. Qg2 Qxg2+ 37. Kxg2 Bxe5 38. fxe5 R3xe5 1/2-1/2

[Event "20ème Open international de La Réunion"]
[Site "Salle des fêtes de Bellepierre"]
[Date "2018.10.16"]
[Round "4.9"]
[White "Rabe Andrianandrasan, Haingo"]
[Black "Pun Chung, Leo"]
[Result "1-0"]
[WhiteElo "1860"]
[BlackElo "1458"]
[PlyCount "75"]
[EventDate "2018.??.??"]

1. d4 d5 2. Nf3 e6 3. Bf4 Nf6 4. e3 Bd6 5. Bg5 Nbd7 6. c4 c6 7. Nc3 O-O 8. Be2
dxc4 9. Bxc4 b5 10. Bd3 h6 11. Bh4 a6 12. O-O Bb7 13. Rc1 Qc7 14. e4 e5 15. d5
Qb6 16. dxc6 Bxc6 17. Bb1 Be7 18. Nd5 Bxd5 19. exd5 e4 20. Rc6 Qb7 21. Bxf6
Nxf6 22. Nh4 Nxd5 23. Nf5 Qxc6 24. Qxd5 Qxd5 25. Nxe7+ Kh8 26. Nxd5 f5 27. Nf4
Kg8 28. h4 Kf7 29. f3 g5 30. hxg5 hxg5 31. Nh3 e3 32. Bxf5 Kf6 33. Be4 Rad8 34.
Re1 Rd2 35. Rxe3 Rxb2 36. Bd5 Rd8 37. Re6+ Kf5 38. g4# 1-0

[Event "20ème Open international de La Réunion"]
[Site "Salle des fêtes de Bellepierre"]
[Date "2018.10.16"]
[Round "4.10"]
[White "Larmet, Nino"]
[Black "Le Maguet, Loan"]
[Result "1/2-1/2"]
[WhiteElo "1786"]
[BlackElo "1420"]
[PlyCount "124"]
[EventDate "2018.??.??"]

1. d4 Nf6 2. Bf4 g6 3. Nc3 d5 4. e3 Bg7 5. h4 O-O 6. h5 Nxh5 7. Rxh5 gxh5 8.
Qxh5 e6 9. Bd3 f5 10. Nf3 Nd7 11. O-O-O Nf6 12. Qh2 Ng4 13. Qg3 Rf7 14. Ng5 Re7
15. f3 Nf6 16. Rh1 h6 17. Nh3 Kf7 18. Be5 Qg8 19. Nf4 Bh8 20. Qxg8+ Kxg8 21.
Ng6 Rf7 22. Nxh8 Kxh8 23. Bxf5 exf5 24. Rxh6+ Kg7 25. Rxf6 Rxf6 26. Nxd5 Kf7
27. Nxf6 c6 28. Nh5 Be6 29. Nf4 Bd5 30. a3 b5 31. Kd2 a5 32. Kc3 Rg8 33. b3 Ra8
34. Kd3 a4 35. b4 Bc4+ 36. Kd2 Bd5 37. Ke2 Rg8 38. Kf2 Rg5 39. Nh3 Rg8 40. Nf4
Rg5 41. g3 Rg8 42. Kg2 Rg5 43. Ne2 Ke6 44. Nc3 Rg8 45. Ne2 Rg5 46. Nf4+ Kd7 47.
Ne2 Rg8 48. Nf4 Rg5 49. Ne2 Rg8 50. Nf4 Rg5 51. Ne2 Rg8 52. Nf4 Rg5 53. Ne2 Rg8
54. Nc3 Rg5 55. e4 fxe4 56. fxe4 Bc4 57. Kf3 Ke6 58. Nd1 Rg8 59. c3 Rg6 60. Nb2
Bb3 61. Nd3 Rh6 62. Nf4+ Ke7 1/2-1/2

[Event "20ème Open international de La Réunion"]
[Site "Salle des fêtes de Bellepierre"]
[Date "2018.10.16"]
[Round "4.11"]
[White "Rajaobelina, Hery"]
[Black "Ratsimikatry, Caryl Patrick"]
[Result "0-1"]
[WhiteElo "1646"]
[BlackElo "1782"]
[PlyCount "104"]
[EventDate "2018.??.??"]

1. e4 Nc6 2. Nf3 e5 3. Bb5 a6 4. Ba4 Nf6 5. O-O b5 6. Bb3 Be7 7. Re1 O-O 8. h3
d6 9. c3 Na5 10. Bc2 c5 11. d4 Qc7 12. d5 h6 13. b3 Bd7 14. Nbd2 c4 15. b4 Nb7
16. Bb2 a5 17. a3 Ra7 18. Nf1 Rfa8 19. Qd2 Nh5 20. Kh2 Nf4 21. Ng1 Bg5 22. Ne3
Qc8 23. h4 Be7 24. g3 Nh5 25. Ng2 f5 26. Qe2 Nf6 27. Rad1 axb4 28. cxb4 c3 29.
Bc1 fxe4 30. Bxe4 Nxe4 31. Qxe4 Bf5 32. Qe2 Qe8 33. Ne3 Bg6 34. Nc2 Nd8 35. Nh3
Nf7 36. f4 exf4 37. Nxf4 Bf5 38. Nd4 Bd7 39. Nfe6 Ne5 40. Nf3 Bf6 41. Nxe5 Bxe5
42. Qg4 Bxe6 43. dxe6 Re7 44. Bxh6 Rxa3 45. Bc1 Ra2+ 46. Kh3 Rxe6 47. Rd5 Rg6
48. Rdxe5 dxe5 49. Qe4 Qe6+ 50. g4 Rxg4 51. Qxe5 Qxe5 52. Rxe5 Rxb4 0-1

[Event "20ème Open international de La Réunion"]
[Site "Salle des fêtes de Bellepierre"]
[Date "2018.10.16"]
[Round "4.12"]
[White "Andriandaza, Tombo Omar"]
[Black "Hermanns, Luis"]
[Result "1-0"]
[WhiteElo "1742"]
[BlackElo "1253"]
[PlyCount "57"]
[EventDate "2018.??.??"]

1. d4 e6 2. Nf3 d5 3. Bf4 c5 4. e3 Nf6 5. Bb5+ Bd7 6. Be2 cxd4 7. exd4 Bb4+ 8.
c3 Ba5 9. Ne5 Nc6 10. Nd3 Nxd4 11. Nc5 Nxe2 12. Qxe2 Bc6 13. O-O O-O 14. b4 Bc7
15. Bg5 Bb6 16. Be3 a6 17. a4 Bxc5 18. Bxc5 Re8 19. f4 Qd7 20. Nd2 Bxa4 21. Qe5
Bb5 22. Rf3 Qc6 23. Rg3 Kh8 24. Bd4 Rg8 25. Nf3 Nd7 26. Qh5 Bd3 27. Ng5 Bg6 28.
Qxh7+ Bxh7 29. Nxf7# 1-0

[Event "20ème Open international de La Réunion"]
[Site "Salle des fêtes de Bellepierre"]
[Date "2018.10.16"]
[Round "4.13"]
[White "Padre, Maxime"]
[Black "Dijoux, Julien"]
[Result "0-1"]
[WhiteElo "1353"]
[BlackElo "1831"]
[PlyCount "58"]
[EventDate "2018.??.??"]

1. Nf3 d5 2. b3 Bg4 3. Bb2 Nd7 4. e3 e5 5. Be2 Bd6 6. O-O Nh6 7. d4 Bxf3 8.
Bxf3 e4 9. Be2 c6 10. Nd2 Qg5 11. f4 exf3 12. Rxf3 f5 13. Bd3 O-O 14. Nf1 Nf6
15. Bc1 Ne4 16. Bxe4 fxe4 17. Rh3 Ng4 18. Ng3 Nf2 19. Rh5 Qxg3 20. hxg3 Nxd1
21. Bd2 Nf2 22. c4 Ng4 23. cxd5 Nf6 24. Rf5 Nxd5 25. Raf1 Rxf5 26. Rxf5 Rf8 27.
Rxf8+ Kxf8 28. Kf2 Kf7 29. g4 Kg6 0-1

[Event "20ème Open international de La Réunion"]
[Site "Salle des fêtes de Bellepierre"]
[Date "2018.10.16"]
[Round "4.14"]
[White "Evrin, Selvam"]
[Black "Rebut, Paul"]
[Result "1/2-1/2"]
[WhiteElo "1518"]
[BlackElo "1718"]
[PlyCount "76"]
[EventDate "2018.??.??"]

1. e4 c5 2. Nf3 d6 3. d4 cxd4 4. Nxd4 Nf6 5. Nc3 a6 6. Be2 e5 7. Nb3 Be7 8. Be3
O-O 9. g4 Qd7 10. g5 Ng4 11. Bd2 Nxf2 12. Kxf2 Qh3 13. Qg1 f5 14. Rf1 f4 15.
Bf3 Qh4+ 16. Ke2 Bxg5 17. Be1 Qh6 18. h4 Bd8 19. Kd1 Be6 20. Bg4 Bc4 21. Rf3
Nc6 22. Bf2 b5 23. Nd2 Bf7 24. Nd5 Kh8 25. a3 Ne7 26. Nxe7 Bxe7 27. Rc3 Bh5 28.
Nf3 Qg6 29. Bf5 Qxg1+ 30. Rxg1 Rxf5 31. exf5 e4 32. Bd4 Bf6 33. Ke1 exf3 34.
Bxf6 gxf6 35. Kf2 Re8 36. Re1 Rg8 37. Rg1 Re8 38. Re1 Rg8 1/2-1/2

[Event "20ème Open international de La Réunion"]
[Site "Salle des fêtes de Bellepierre"]
[Date "2018.10.16"]
[Round "4.15"]
[White "Desire, Michael"]
[Black "Eric Andriana, Fitia"]
[Result "1-0"]
[WhiteElo "1702"]
[BlackElo "1186"]
[PlyCount "87"]
[EventDate "2018.??.??"]

1. d4 d5 2. c4 e6 3. Nc3 c5 4. cxd5 exd5 5. Nf3 Nc6 6. Bf4 Nf6 7. e3 Bg4 8.
dxc5 Bxc5 9. Be2 Bb4 10. O-O O-O 11. Nb5 Nh5 12. Bg5 Qd7 13. Nbd4 Be7 14. Bxe7
Qxe7 15. Rc1 Rac8 16. h3 Nxd4 17. Qxd4 Be6 18. Rfd1 b6 19. Qe5 Nf6 20. Nd4 Nd7
21. Qg3 Nc5 22. Bf3 Ne4 23. Bxe4 dxe4 24. Qe5 Rce8 25. a3 Bd7 26. Qxe7 Rxe7 27.
Rc7 Rfe8 28. Rxa7 Bc8 29. Ra4 Rd8 30. Rb4 Re6 31. Rc1 Red6 32. Rc7 Ba6 33. Ra7
Bc8 34. Rc4 Be6 35. Kh2 Kf8 36. Rcc7 R6d7 37. Nxe6+ Ke7 38. Rxd7+ Rxd7 39.
Rxd7+ Kxd7 40. Nxg7 Kc6 41. Nf5 Kd5 42. b3 Ke5 43. Nd4 Kd5 44. Kg3 1-0

[Event "20ème Open international de La Réunion"]
[Site "Salle des fêtes de Bellepierre"]
[Date "2018.10.16"]
[Round "4.16"]
[White "Rajaonson, Andriamahenina"]
[Black "Vaast, Jean"]
[Result "1-0"]
[WhiteElo "1822"]
[BlackElo "1377"]
[PlyCount "51"]
[EventDate "2018.??.??"]

1. f4 e6 2. e4 d6 3. Nf3 Nc6 4. d4 d5 5. e5 Nge7 6. Be2 g6 7. O-O Bg7 8. c3 Nf5
9. Na3 a6 10. Nc2 O-O 11. Qe1 b5 12. a3 Na5 13. g4 Ne7 14. Be3 Nc4 15. Bc1 c6
16. Nb4 Bb7 17. b3 Nb6 18. Bd3 Qc7 19. Be3 Nd7 20. Qf2 Rac8 21. f5 exf5 22.
gxf5 Nxf5 23. Bxf5 gxf5 24. Nd3 Kh8 25. Ng5 Rce8 26. Qxf5 1-0

[Event "20ème Open international de La Réunion"]
[Site "Salle des fêtes de Bellepierre"]
[Date "2018.10.16"]
[Round "4.17"]
[White "Sandjivy, Jean Marc"]
[Black "Calmels, Nicolas"]
[Result "0-1"]
[WhiteElo "1271"]
[BlackElo "1820"]
[PlyCount "68"]
[EventDate "2018.??.??"]

1. c4 c6 2. Nc3 e5 3. e4 Nf6 4. Nf3 Qc7 5. d4 Bb4 6. Qb3 Qb6 7. c5 Bxc3+ 8.
Qxc3 exd4 9. Qxd4 Qc7 10. e5 Nd5 11. Bc4 b5 12. Bxd5 cxd5 13. Bf4 Nc6 14. Qxd5
O-O 15. Qe4 Qa5+ 16. Bd2 Qa6 17. O-O Ne7 18. Bb4 Bb7 19. Qd3 Ng6 20. c6 Qxc6
21. Bxf8 Nxe5 22. Qf5 Nxf3+ 23. Qxf3 Qa6 24. Qa3 Qg6 25. f3 Rxf8 26. Qxa7 Bc6
27. Qe3 h5 28. Rfd1 f5 29. b3 Re8 30. Qd3 h4 31. h3 Qg3 32. a4 Re6 33. Qxf5 Re2
34. Qg4 Rxg2+ 0-1

[Event "20ème Open international de La Réunion"]
[Site "Salle des fêtes de Bellepierre"]
[Date "2018.10.16"]
[Round "4.18"]
[White "Ova, Roberto"]
[Black "Frelicot, Eric"]
[Result "1/2-1/2"]
[WhiteElo "1212"]
[BlackElo "1666"]
[PlyCount "111"]
[EventDate "2018.??.??"]

1. c4 g6 2. g3 Bg7 3. Bg2 Nf6 4. Nf3 O-O 5. Nc3 d6 6. d3 Bg4 7. O-O c6 8. Rb1
Qd7 9. Qc2 Bh3 10. Bg5 Bxg2 11. Bxf6 Bxf1 12. Bxg7 Kxg7 13. Rxf1 c5 14. Rd1 Nc6
15. Qa4 Ne5 16. Nxe5 Qxa4 17. Nxa4 dxe5 18. Nxc5 Rfd8 19. h4 b6 20. Ne4 h6 21.
b4 f5 22. Nc3 Rac8 23. b5 Kf7 24. Kf1 e4 25. f3 exd3 26. exd3 g5 27. h5 e5 28.
Ke2 Rd4 29. Nd5 Ke6 30. Nc3 Rcd8 31. a4 e4 32. dxe4 Rxd1 33. exf5+ Kxf5 34.
Nxd1 Ke5 35. Ne3 Rd4 36. Ng4+ Ke6 37. Ne3 Rd6 38. g4 Rd4 39. Kf2 Rd2+ 40. Kg3
Ra2 41. f4 Rxa4 42. fxg5 hxg5 43. Kf3 Ra3 44. Ke4 a5 45. bxa6 Rxa6 46. Nd5 Ra1
47. Ne3 Re1 48. Kd4 Re2 49. Kd3 Ra2 50. Kc3 Rh2 51. Kd4 Rd2+ 52. Kc3 Rh2 53.
Kd4 Rf2 54. Nd5 Rd2+ 55. Ke3 Rb2 56. Kf3 1/2-1/2

[Event "20ème Open international de La Réunion"]
[Site "Salle des fêtes de Bellepierre"]
[Date "2018.10.16"]
[Round "4.19"]
[White "Fautrel, Pierrick"]
[Black "Fondrat, Johan"]
[Result "0-1"]
[WhiteElo "1176"]
[BlackElo "1499"]
[PlyCount "104"]
[EventDate "2018.??.??"]

1. e4 e5 2. Nf3 Nc6 3. Bc4 Nf6 4. Ng5 d5 5. exd5 Na5 6. Bb5+ Bd7 7. Bxd7+ Qxd7
8. O-O Nxd5 9. Re1 Bd6 10. d4 O-O 11. dxe5 Be7 12. Nf3 Rad8 13. Qe2 Nc6 14. a3
Qg4 15. h3 Qf5 16. Bd2 Qxc2 17. Bc3 Qg6 18. Qb5 Nf4 19. g3 Nxh3+ 20. Kg2 Nf4+
21. Kf1 Qd3+ 22. Qxd3 Nxd3 23. Nbd2 Nxe1 24. Rxe1 Rd5 25. Nc4 b5 26. Ne3 Rdd8
27. Nf5 Bc5 28. Kg2 Ne7 29. N3h4 Nxf5 30. Nxf5 Rfe8 31. e6 f6 32. Ba5 Bb6 33.
Bb4 Rd5 34. Ne7+ Rxe7 35. Bxe7 Re5 36. Rxe5 fxe5 37. f4 exf4 38. gxf4 g6 39.
Kf3 Bd4 40. b3 Kg7 41. Ke4 Bf6 42. Bc5 c6 43. Bxa7 Be7 44. Bd4+ Kf8 45. a4 bxa4
46. bxa4 Bd8 47. Bc5+ Ke8 48. e7 Bxe7 49. Bb6 Bd8 50. a5 Bxb6 51. axb6 Kd7 52.
Ke5 h5 0-1

[Event "20ème Open international de La Réunion"]
[Site "Salle des fêtes de Bellepierre"]
[Date "2018.10.16"]
[Round "4.21"]
[White "Parame, Bruno"]
[Black "Alfonsi, Romain"]
[Result "0-1"]
[WhiteElo "1399"]
[BlackElo "1173"]
[PlyCount "90"]
[EventDate "2018.??.??"]

1. e4 e5 2. Nf3 Nc6 3. b3 Nf6 4. Nc3 Bb4 5. Bb2 Bxc3 6. Bxc3 Nxe4 7. Bb2 Nf6 8.
Bb5 d6 9. d3 Bd7 10. Bc4 a6 11. d4 d5 12. Be2 e4 13. Nd2 O-O 14. O-O Qe7 15. c4
e3 16. Nf3 exf2+ 17. Rxf2 Bg4 18. Nd2 Bxe2 19. Rxe2 Qd6 20. c5 Qf4 21. Qf1
Qxf1+ 22. Rxf1 Rfe8 23. Rfe1 Rxe2 24. Rxe2 g6 25. Nf3 Rb8 26. a3 b6 27. b4 a5
28. Bc3 Ne4 29. Be1 bxc5 30. dxc5 axb4 31. axb4 Nxb4 32. Ne5 Nxc5 33. Ng4 d4
34. Nf6+ Kh8 35. Bg3 Rb7 36. Be5 Nc6 37. Bf4 Nd3 38. g3 Nxf4 39. gxf4 Rb1+ 40.
Kg2 d3 41. Re8+ Kg7 42. Ne4 Rb2+ 43. Kg3 d2 44. Nc3 Rb1 45. h4 Rb3 0-1

[Event "20ème Open international de La Réunion"]
[Site "Salle des fêtes de Bellepierre"]
[Date "2018.10.16"]
[Round "4.22"]
[White "Hoareau-Fontaine, Clement"]
[Black "Muller, Sebastien"]
[Result "0-1"]
[WhiteElo "1130"]
[BlackElo "1397"]
[PlyCount "74"]
[EventDate "2018.??.??"]

1. e4 c5 2. Nf3 g6 3. Bc4 Bg7 4. d3 a6 5. O-O d6 6. h3 Nf6 7. b3 Nxe4 8. c3
Nxc3 9. Nxc3 Bxc3 10. Rb1 Nc6 11. Bb2 Bxb2 12. Rxb2 d5 13. Qc1 dxc4 14. Qxc4
Qd6 15. Re1 b5 16. Qe4 Be6 17. Ng5 Bd5 18. Qe3 Nd4 19. Ne4 Bxe4 20. Qxe4 O-O
21. a4 e6 22. axb5 axb5 23. Qe5 Qxe5 24. Rxe5 Ra1+ 25. Kh2 Rc1 26. b4 cxb4 27.
Re4 Nc6 28. g4 Rd8 29. Rb3 Rc2 30. Kg3 Rc3 31. Rxc3 bxc3 32. Kf4 Rxd3 33. Re3
Rd4+ 34. Kf3 c2 35. Rc3 Ne5+ 36. Ke3 Rc4 37. Rxc4 Nxc4+ 0-1

[Event "20ème Open international de La Réunion"]
[Site "Salle des fêtes de Bellepierre"]
[Date "2018.10.16"]
[Round "4.23"]
[White "Assie, Joel"]
[Black "Bosi-Lagarde, Arthur"]
[Result "1-0"]
[WhiteElo "1381"]
[BlackElo "1110"]
[PlyCount "58"]
[EventDate "2018.??.??"]

1. d4 d5 2. Nf3 Nc6 3. Bf4 Nf6 4. e3 Bf5 5. c4 e6 6. a3 a5 7. Nc3 Ne4 8. Nb5
Bd6 9. Nxd6+ Nxd6 10. cxd5 exd5 11. Bd3 Ne4 12. Bb5 O-O 13. Rc1 Bd7 14. O-O Nd6
15. Bd3 Bf5 16. Re1 Ne4 17. Bb5 Bd7 18. Ne5 Rc8 19. Nxc6 Bxc6 20. Bxc6 bxc6 21.
Rxc6 Qd7 22. Qc2 Nd6 23. Rc1 Nc4 24. Qa4 Rfe8 25. b3 Nd6 26. Qxa5 Re7 27. Bxd6
cxd6 28. Rxc8+ Re8 29. Qa8 f6 1-0

[Event "20ème Open international de La Réunion"]
[Site "Salle des fêtes de Bellepierre"]
[Date "2018.10.16"]
[Round "4.24"]
[White "Alex-Geerjanan, Nils"]
[Black "Erudel, Maeva"]
[Result "1-0"]
[WhiteElo "1015"]
[BlackElo "1009"]
[PlyCount "47"]
[EventDate "2018.??.??"]

1. e4 e5 2. Nf3 Nc6 3. Bc4 Nf6 4. O-O Bc5 5. d3 d6 6. h3 Bd7 7. Bg5 h6 8. Bh4
Nd4 9. c3 Nc6 10. Re1 O-O 11. Nbd2 a6 12. a3 b5 13. Ba2 a5 14. Nf1 Ne7 15. Bxf6
gxf6 16. Nh4 b4 17. axb4 axb4 18. cxb4 Bxb4 19. Re3 Bc5 20. Rg3+ Kh8 21. Qh5
Ng8 22. Ng6+ fxg6 23. Qxg6 Ne7 24. Qxh6# 1-0

[Event "20ème Open international de La Réunion"]
[Site "Salle des fêtes de Bellepierre"]
[Date "2018.10.16"]
[Round "4.25"]
[White "Mablouke, Ulrich"]
[Black "Mohamed, Keziah"]
[Result "1-0"]
[WhiteElo "1460"]
[BlackElo "1070"]
[PlyCount "54"]
[EventDate "2018.??.??"]

1. e4 e5 2. f4 exf4 3. Nf3 g5 4. h4 g4 5. Ng5 h6 6. Nxf7 Kxf7 7. Bc4+ Ke8 8. e5
d6 9. exd6 Qxd6 10. d3 Nf6 11. O-O f3 12. Qe1+ Kd8 13. Nc3 Nc6 14. Qf2 Bf5 15.
Be3 a6 16. Rad1 Bg7 17. Ne4 Qe5 18. c3 Kc8 19. Nxf6 Bxf6 20. g3 Rd8 21. Bxh6
Qe2 22. Be3 b5 23. Bb3 Ne5 24. d4 Nd3 25. Rd2 Nxf2 26. Rxf2 Qe1+ 27. Kh2 Qxe3
1-0

[Event "20ème Open international de La Réunion"]
[Site "Salle des fêtes de Bellepierre"]
[Date "2018.10.16"]
[Round "4.26"]
[White "Fautrel, Sebastien"]
[Black "Erudel, Irina"]
[Result "1-0"]
[WhiteElo "1110"]
[BlackElo "1009"]
[PlyCount "57"]
[EventDate "2018.??.??"]

1. c4 e5 2. g3 Nf6 3. Bg2 Bb4 4. Nf3 d6 5. a3 Bc5 6. e3 Ng4 7. d4 Bb6 8. O-O
O-O 9. h3 Nf6 10. Nc3 e4 11. Ng5 h6 12. Ngxe4 Bf5 13. g4 Be6 14. d5 Nxd5 15.
cxd5 Bxd5 16. Nxd5 Na6 17. Nxb6 axb6 18. Nc3 Nc5 19. b4 Na6 20. Bxb7 Ra7 21.
Bxa6 Rxa6 22. b5 Ra5 23. a4 g6 24. Bb2 Qh4 25. Kg2 g5 26. Qd4 c5 27. Qf6 d5 28.
Nxd5 c4 29. Qg7# 1-0

[Event "20ème Open international de La Réunion"]
[Site "Salle des fêtes de Bellepierre"]
[Date "2018.10.16"]
[Round "4.27"]
[White "Cavillot-Delestage, Raphael"]
[Black "Sandjivy, Yann"]
[Result "1-0"]
[WhiteElo "1009"]
[BlackElo "1010"]
[PlyCount "33"]
[EventDate "2018.??.??"]

1. e4 e5 2. Nf3 Nc6 3. Bc4 Nf6 4. Ng5 a6 5. Nxf7 Qe7 6. Nxh8 Qc5 7. Bb3 Ng4 8.
Qxg4 d5 9. Qh5+ g6 10. Qxh7 Bd6 11. Qxg6+ Kd7 12. O-O Ke7 13. Qf7+ Kd8 14. d4
Qb5 15. Bg5+ Be7 16. Qxe7+ Nxe7 17. Ng6 1-0

[Event "20ème Open international de La Réunion"]
[Site "Salle des fêtes de Bellepierre"]
[Date "2018.10.18"]
[Round "5.1"]
[White "Ramasindraibe, Girard"]
[Black "Ranaivoharisoa, Alain"]
[Result "1/2-1/2"]
[WhiteElo "2073"]
[BlackElo "2196"]
[PlyCount "74"]
[EventDate "2018.??.??"]

1. c4 g6 2. d4 Bg7 3. Nf3 Nf6 4. Nc3 O-O 5. e4 d6 6. Be2 Nc6 7. d5 Nb8 8. h3 e6
9. O-O exd5 10. exd5 a5 11. Bg5 h6 12. Be3 Nbd7 13. Qc2 Re8 14. Rae1 Ne5 15.
Nd4 Ned7 16. Qc1 Kh7 17. f4 Nc5 18. f5 g5 19. Nb3 Nxb3 20. axb3 Bd7 21. Bd3 c5
22. h4 g4 23. g3 Qb6 24. Bg5 Rxe1 25. Rxe1 Re8 26. Bc2 Rxe1+ 27. Qxe1 hxg5 28.
hxg5 Qd8 29. Qe3 Qe8 30. Qxe8 Nxe8 31. f6+ Kg8 32. fxg7 Kxg7 33. Kf2 f5 34. Ke3
Kg6 35. Ne2 Kxg5 36. Bd3 Ng7 37. Nf4 Bc8 1/2-1/2

[Event "20ème Open international de La Réunion"]
[Site "Salle des fêtes de Bellepierre"]
[Date "2018.10.18"]
[Round "5.2"]
[White "Anilkumar, N R."]
[Black "Roblet, Charles"]
[Result "1/2-1/2"]
[WhiteElo "2334"]
[BlackElo "2052"]
[PlyCount "69"]
[EventDate "2018.??.??"]

1. d4 Nf6 2. Bg5 g6 3. Nf3 Bg7 4. e3 d6 5. Be2 O-O 6. O-O Nbd7 7. c4 e5 8. Nc3
h6 9. Bh4 exd4 10. exd4 g5 11. Bg3 Nh5 12. Ne1 Nxg3 13. hxg3 Nf6 14. Bf3 Re8
15. Nc2 c6 16. Qd3 Qa5 17. Ne3 Bd7 18. b4 Qxb4 19. Rab1 Qa3 20. Rxb7 Rab8 21.
Rfb1 Rxb7 22. Rxb7 g4 23. Be2 Bc8 24. Rb8 h5 25. Kh2 Qa5 26. Rb3 Qg5 27. Kg1
Bh6 28. Rb8 a6 29. Ncd1 Qa5 30. Bf1 Qc7 31. Rb3 Ne4 32. Qc2 Qa5 33. Rb8 Qc7 34.
Qb3 Bg7 35. d5 1/2-1/2

[Event "20ème Open international de La Réunion"]
[Site "Salle des fêtes de Bellepierre"]
[Date "2018.10.18"]
[Round "5.3"]
[White "Gimenez Martinez, Alberto"]
[Black "Testud, Philippe"]
[Result "1-0"]
[WhiteElo "2213"]
[BlackElo "2158"]
[PlyCount "91"]
[EventDate "2018.??.??"]

1. e4 c6 2. d4 d5 3. exd5 cxd5 4. c4 Nf6 5. Nc3 g6 6. Qb3 Bg7 7. cxd5 O-O 8.
Nge2 a5 9. a3 Na6 10. g3 a4 11. Qxa4 Nxd5 12. Bg2 Nab4 13. Qxa8 Nc2+ 14. Kd2
Nxc3 15. bxc3 Nxa1 16. Qa4 e5 17. Bb2 exd4 18. Nxd4 Bxd4 19. cxd4 Qg5+ 20. f4
Qa5+ 21. Qb4 Nb3+ 22. Kc3 Be6 23. Qxa5 Nxa5 24. d5 Rc8+ 25. Kb4 Nc4 26. Bd4 Bd7
27. Rc1 Nd6 28. Rxc8+ Nxc8 29. Bf1 Kf8 30. Bc5+ Ke8 31. Bb5 Bxb5 32. Kxb5 Kd7
33. a4 h5 34. h3 Ke8 35. a5 Kd7 36. Kc4 f6 37. Kd4 Ke8 38. g4 hxg4 39. hxg4 Kd7
40. g5 fxg5 41. fxg5 Ke8 42. Ke4 Kd7 43. Ke5 Ne7 44. Bxe7 Kxe7 45. d6+ Kd7 46.
Kd5 1-0